00181nam a22000857a 4500020002700000100001400027245002000041250001100061260002300072 a978-986-05-9475-1c250 a鄭文燦 a贏在決勝點 a初版 a桃園市c2019.06